| 000 | 01636nam0a2200397 4500 | ||
|---|---|---|---|
| 001 | RU\NLR\bibl\274158 | ||
| 005 | 20260409074435.0 | ||
| 010 |
_a5-201-14495-0 _9400 |
||
| 021 |
_aRU _b2001-66758 _93244 |
||
| 035 | _a(NLR Aleph) 000269681 | ||
| 090 |
_a1576661 _c1576661 |
||
| 100 | _a20020530d2001 u y0rusy50 ca | ||
| 101 | 0 |
_arus _deng |
|
| 102 | _aRU | ||
| 105 | _ay ||||||||| | ||
| 200 | 1 |
_aФилософия души. Сверхчувственная материя и диалектика бессознательного _fВ.В. Семенов _gРос. акад. наук, Пущин. науч. центр, Ин-т биофизики клетки, Акад. проблем сохранения жизни |
|
| 210 |
_aПущино _cПНЦ РАН _d2001 |
||
| 215 |
_a126 с. _d22 |
||
| 300 | _aРез. на англ. яз | ||
| 320 | _aБиблиогр.: с. 117-125 | ||
| 517 | 0 | _aСверхчувственная материя и диалектика бессознательного | |
| 606 |
_aСознание (филос.) _92146543 _3RU\NLR\auth\661293171 |
||
| 610 | 0 | _aБессознательное | |
| 610 | 0 | _aСознание | |
| 610 | 0 | _aРефлексия (филос.) | |
| 675 |
_a130.3 _v3 _zrus |
||
| 686 |
_a02 _2rugasnti |
||
| 686 |
_a87.3 _2rubbk |
||
| 686 | _aЮ212.2 | ||
| 700 | 1 |
_4070 _7ca _8rus _aСеменов _bВ. В. _cканд. филос. наук _gВладимир Васильевич _925341 _3RU\NLR\auth\7742396 |
|
| 801 | 0 |
_aRU _bRKP _c20020530 _gPSBO |
|
| 801 | 1 |
_aRU _bRKP _c20020530 |
|
| 801 | 2 |
_aRU _bNLR _c20060919 _grcr |
|
| 942 | _cBOOK | ||
| 980 | _aNB | ||